| 000 | 00653nam a2200193 i 4500 | ||
|---|---|---|---|
| 001 | 147813 | ||
| 003 | ES-MaACL | ||
| 005 | 20250918063038.0 | ||
| 007 | t| | ||
| 008 | 071005q19001910sp ||||1| spa d | ||
| 100 | 1 |
_aUrbano, Rafael, _d1870-1924 _9112074 |
|
| 245 | 1 | 0 |
_aHistoria del socialismo : _bparte antigua : la conquista utópica / _cRafael Urbano. |
| 260 |
_aMadrid : _bB. Rodríguez Serra, _c[entre 1900 y 1910] ( _fViuda de Rodríguez Serra) |
||
| 300 |
_a119 p. ; _c17 cm. |
||
| 650 | 4 |
_aSocialismo- _xHistoria. _9135485 |
|
| 650 | 7 |
_aSocialismo utópico _2embne _9149695 |
|
| 852 |
_aES-MaACL _jT-999-F-6 |
||
| 999 |
_c147813 _d147813 |
||